000 00766nam a22002417 4500
999 _c1202
_d1202
003 AR-BaISA
005 20221207152655.0
007 ta
008 221124s2019 xxuad||| |||| 000 0 spa d
020 _a9788499100951
040 _bspa
_cAR-BaISA
082 0 4 _222
_a611.73 D376
100 1 _92679
_aDelavier, Frédéric
245 1 0 _aGuía de los movimientos de musculación:
_bdescripción anatómica /
_cFrédéric Delavier
250 _a6ª ed.
260 _a[Barcelona]:
_bPaidotribo,
_c2019
300 _a192 p.:
_bil., gráfs.
505 _tBrazos --
_tHombros --
_tPectorales --
_tEspalda --
_tPiernas --
_tGlúteos --
_tAbdominales
650 1 0 _947
_aAnatomía humana
650 1 0 _91293
_aMúsculos
650 1 0 _9595
_aEjercicio físico
942 _2ddc
_cLI
_e22